Memoria

Guardat en:
Dades bibliogràfiques
Format: Text
Publicat: Managua: ARCN
Etiquetes: Afegir etiqueta
Sense etiquetes, Sigues el primer a etiquetar aquest registre!

MARC

LEADER 00000 a a2200000 04500
001 24428
003
040
090 |a 175200  
245 |a Memoria  
260 |a Managua:   |b ARCN  
300 |a 54 p.  
999 |c 16870  |d 16870